000 01274nam a22004217a 4500
001 BR0702964
003 BR-BrBNA
005 20230928102442.0
007 ta
008 230509b bl.||||| |||| 00| 0 por d
040 _aBR-BrBNA
_bpor
_cBiblioteca Nacional de Agricultura
041 _a(Por)
072 _aP01; T01; E14
090 _ P01 BR0702964
110 1 _aMinistério do Meio Ambiente, Brasília, DF (Brasil)
245 1 _aDiagnóstico da gestão ambiental no Brasil: v. 1 Região Centro-Oeste; v. 2 Região Nordeste; v. 3 Região Norte; v. 4 Região Sudeste; v. 5 Região Sul
260 3 _aBrasília, DF (Brasil):
_c2001.
300 _av. 1-5
500 _atraz CD-ROM
650 _aMEIO AMBIENTE
650 _aGESTÃO
650 _aADMINISTRAÇÃO PÚBLICA
650 _aRECURSO HÍDRICO
650 _aRESÍDUO
650 _aPOLUIÇÃO
650 _aRECURSO PESQUEIRO
650 _aAGROTÓXICO
650 _aEDUCAÇÃO AMBIENTAL
650 _aPRESERVAÇÃO DA NATUREZA
650 _aZONEAMENTO ECOLÓGICO
650 _aIMPACTO AMBIENTAL
650 _aDIAGNÓSTICO
650 _aRECURSO FLORESTAL
650 _aREGULAMENTAÇÃO
650 _aPROJETO DE DESENVOLVIMENTO
909 _a202309
_bLucia
_c55
_dLucia Elande
942 _cBK
999 _c70837
_d70837